|
|
|
|
| LEADER |
01025nam a2200289 a 4500 |
| 001 |
000487708 |
| 003 |
CZ BrMZK |
| 005 |
20211201112133.0 |
| 007 |
ta |
| 008 |
000115s2000 xr e f cze d |
| 015 |
|
|
|a cnb000973290
|
| 020 |
|
|
|a 80-85301-76-8
|
| 040 |
|
|
|a BOA001
|b cze
|
| 043 |
|
|
|a e-xr---
|a e-gx---
|a e-au---
|b e-xr-cc
|2 czenas
|
| 072 |
|
7 |
|a 913(4)
|x Geografie Evropy, reálie, cestování
|2 Konspekt
|9 7
|
| 080 |
|
|
|a 913(437.31-13)
|2 MRF
|
| 080 |
|
|
|a (036)913
|2 MRF
|
| 100 |
1 |
|
|a Rebstöck, Radovan,
|d 1950-2016
|7 jn20001103628
|4 aut
|
| 245 |
1 |
0 |
|a Šumavou podél hranice :
|b [průvodce neznámem] /
|c [text Radovan Rebstöck]
|
| 250 |
|
|
|a 5. vyd.
|
| 260 |
|
|
|a Sušice :
|b R. Rebstöck,
|c 2000
|
| 300 |
|
|
|a 47 s. :
|b il. (některé barev.), mapy ;
|c 21 cm
|
| 651 |
|
7 |
|a Šumava (pohoří)
|7 ge128617
|2 czenas
|
| 655 |
|
7 |
|a turistické průvodce
|7 fd133738
|2 czenas
|
| 910 |
|
|
|a BOA001
|b 2-1075.093
|
| 990 |
|
|
|a BK
|
| 996 |
6 |
|
|b 2610118554
|c 2-1075.093
|l MZK
|r Sklad / do 1 hodiny
|n 1
|p p.v.
|w 000487708
|u 000010
|a 1
|e BOA001
|j MZK50
|s P
|